000 05511nab a22009857 4500
003 AR-RoUNA
022 _a0327-9022
040 _aAR-RoUNA
_bspa
041 _aspa
044 _aag
245 _aSumma+
260 _aBuenos Aires (Argentina):
_cDonn SA,
_b1993.
300 _a160 p. :
_bil. byn.
_bplanos
_c34X25 cm.
505 0 _tINDICE
505 0 _tARQUITECTURA - BODEGAS
505 0 _tTEMPLO DE VINOS
505 0 _aBómida & Yanzón; Eliana Bórmid; Mario Yanzón, arqs. / Bodegas O. Fournier, San Carlos, provincia de Mendoza, 2005. p. 50
505 0 _aBómida & Yanzón; Eliana Bórmida, Mario Yanzón, arqs. / Bodega Navarro Correas Diageo Argentina, Godoy Cruz, Mendoza, 2004. p.56
505 0 _tESPIRITUOSA CONTEXTUALIDAD
505 0 _aMarcelo H. Pedemonte, arq. / Destilería de bebidas espirituosas, Valle de Lunlunta, Mendoza, 2004. p. 58
505 0 _tVIÑEDO AL SUR
505 0 _aJuan Conte, Gabriel Japaz, arqs. / Bodega NQN, San Patricio del Chañar, Neuquén, Argentina, 2004. p. 64
505 0 _tTEXTOS
505 0 _aLuis M. Mansilla y Emilio Tuñón / Sistema y subjetividad. p. 68
505 0 _aLuis M. Mansilla y Emilio Tuñón / Museo de Zamora, Plaza de Santa Lucía, Zamora, España, 1996. p. 70
505 0 _aLuis M. Mansilla y Emilio Tuñón / Centro de Natación, Paseo de los Pinos, San Fernando de Henares, Madrid, 1998. p. 72
505 0 _aLuis M. Mansilla y Emilio Tuñón / Museo Castellón, Avenida de los hermanos Bou, Castellón, España, 2000. p. 74
505 0 _aAlfonso Corona Martínez / A propósito de la arquitectura de Mansilla+Tuñón. p. 78
505 0 _aLuis M. Mansilla y Emilio Tuñón / Auditorio de León, Avenida de reyes leoneses, León, España, 2002. p. 80
505 0 _aLuis M. Mansilla y Emilio Tuñón / Centro Documental de la Comunidad de Madrid, España, 2002. p. 86
505 0 _aLuis M. Mansilla y Emilio Tuñón / Musac en León, Avenida de los Reyes Leoneses, León, España, 2004. p. 92
505 0 _tFRAGMENTOS DE UNA CONVERSACIÓN
505 0 _aEntrevista por Fernando Diez y Alfonso Corona Martínez al arquitecto Emilio Tuñon. p. 100 ón y
505 0 _aEmilio Tuñon, Luis M. Mansilla y Luis Díaz-Mauriño / Casa en Villa 08, Nanjing, China Continental, 2003. p. 101
505 0 _aLuis M.Mansilla y Emilio Tuñón / Museo de Cantabria, Santander, España, 2003. p. 102
505 0 _aLuis M.Mansilla y Emilio Tuñón / Concello de Lalín, Lalín, (Pontevedra), España, 2004. p. 104
505 0 _tTEXTOS - EJERCICIO PROFESIONAL
505 0 _aFederico Aja Espil y Herriberto Allende / Acreditaciones y certificaciones. p. 106
505 0 _tSEGUNDA VUELTA
505 0 _aMiguel Ángel Roca / Casa en Calamuchita, Cordoba, Argentina, 2003. p. 109
505 0 _aRachel Neeson / Casa Jesudason, Sydney, Nueva Gales del Sur, Australia, 2002. p. 112
505 0 _aHugo Montorfano y Mariana Cardinali, arqs / Casa Montorfano, Godoy Cruz 1670, Buenos Aires, Argentina, 2005. p. 116
505 0 _tLOFT EN LUCERNA
505 0 _aGus Wüstermann, arqs / Glacier Lucerne, Suiza, 2005. p. 119
505 0 _aGuido Charosky / IL Salone E Piú. Salón Internacional del Mobiliario, Milán, 2005. p. 122
505 0 _tEXPOSICIONES
505 0 _aTomás Powell / Puro Diseño 2005, Centro Costa Salguero, Buenos Aires, Argentina. p. 128
505 0 _aPatricia Tetzlaff / Nuevos intereses profesionales. Feria del Mercado Inmobiliario, Cannes, Francia. p. 130
505 0 _tFOTOGRAFÍA - VIVIENDA RURAL
505 0 _aLucio Boschi /Transcurrir en el campo. p. 132
505 0 _tLAS NUEVAS GENERACIONES
505 0 _aFlorencia Rodríguez y Max Zolkwer / De Estilo Holandés. p. 136
505 0 _aAtelier Kempe Thill. p. 142
505 0 _aBar. p.144
505 0 _tREALIDAD VIRTUAL
505 0 _aFlorencia Rodríguez / Todo lo sólido se desvanece en la ilusión: Oliver Grau en Buenos Aires. p. 146
505 0 _tHOMENAJE
505 0 _aAlberto Petrina / Eduardo Sacriste: Maestro de a modernidad criolla. p.148
505 0 _aEduardo Sacriste / Escuela Rural Nº 178, Estancia "La Dulce", Suipacha, Buenos Aires (1943-1944), Argentina. p. 149
505 0 _aEduardo Sacriste / Casa Torres Posse, Tafí del Valle, Tucumán, Argentina, (1956-1958). p. 150
505 0 _aEduardo Ssacriste / Casa García Bernasconi, San Javier, Tucumán, Argentina, (1964-1966). p. 151
505 0 _tFRAGMENTOS - DISQUISICIONES
505 0 _aRafael E. J. Iglesias / Arte Urbano. p. 152
505 0 _tUNIVERSITARIAS
505 0 _aFlavio Janches y Máximo Rohm / Mapeos: cartografías subjetivas de Buenos Aires. p. 154
505 0 _tTEXTURAS
505 0 _aRoberto Fernández / Ontología de la apariencia. p. 156
505 0 _tFRAGMENTOS
505 0 _aMario Sabugo / Zapatos de Cromañón. p. 159
505 0 _tPOST-SCRIPTUM
505 0 _aRubén Pesci / Giancarlo de Carlo, 1919-2005. p. 160
600 7 _91964
_a Mansilla, Luis Moreno,
_d1959-2012
600 0 _99340
_aTuñon, Emilio
_d1959-
_earq
600 1 0 _924546
_aRoca, Miguel Angel
_d1936-
600 7 _92698
_aSacriste, Eduardo
_d1905-1999
600 1 0 _aDe Carlo, Giancarlo,
_d1919-2005
_99326
650 _aArquitectura contemporánea
650 _aDiseño industrial
_9979
650 _aBodegas
_91688
773 0 _aSumma+
_dBuenos Aires, Argentina
_gNº75 (agos-2005), p.160
_x0327-9022
908 _aImp
942 _2udc
_cART
945 _d2022-07-08
980 _6138
_aCarolina Rainero
_85
_gMaría Machado
999 _c12029
_d12029